European Cities 500k+ that start or end in N - Statistics

General Stats
  • This quiz has been taken 105 times
  • The average score is 8 of 14
Answer Stats
Hint Answer % Correct
1 London
85%
2 Berlin
80%
10 Lisbon
72%
4 Naples
70%
6 Copenhagen
68%
9 Dublin
68%
3 Milan
67%
5 Turin
54%
13 Lyon
52%
14 Nuremberg
51%
11 Dresden
40%
7 Essen
38%
8 Bremen
35%
12 Poznan
12%
No matching quizzes found
Score Distribution
Percent of People with Each Score
Percentile by Number Answered
Your Score History
You have not taken this quiz